| 000 | 00535nam a2200181Ia 4500 | ||
|---|---|---|---|
| 008 | 190511s9999 xx 000 0 und d | ||
| 100 | _aHoward, Robert W. | ||
| 245 | _aDevelopment of chess skill from domain entry to near asymptote / | ||
| 245 | _cRobert W. Howard.-- | ||
| 260 | _bUniversity of Illinois Press | ||
| 260 | _c2018 | ||
| 300 | _aPages 323-345, Fall 2018 | ||
| 440 |
_aJournal of Psychology _v131 (3) |
||
| 650 | _achess | ||
| 650 | _aExpertise | ||
| 650 | _aPower law of practice | ||
| 650 | _aSkill development | ||
| 999 |
_c361838 _d361838 |
||